000 00837nam a22001935i 4500
001 167095
003 ES-MaACL
005 20231229063053.0
008 050926s1852 sp | |||||||| ||spa d
040 _aCAM
_bspa
_cCAM
100 1 _aVega, Ventura de la,
_d1807-1865
_9113584
245 1 3 _aEl estreno de una artista
_b: zarzuela en un acto /
_cletra de Ventura de la Vega ; música de Joaquin Gaztambide.
260 _aMadrid :
_b[s.n.],
_c1852 (
_fEstablecimiento tipográfico de F. de P. Mellado)
300 _a31 p. ;
_c18 cm.
500 _aSolo la letra.
700 0 _aGaztambide, Joaquín.
_956168
852 _aES-MaACL
_jF-8607(10)
_z-- Enc. pasta española
_z-- Enc. en un vol. facticio formando parte de la col. facticia "Teatro español moderno", vol. 62
_q.- Falto de la cub. original
999 _c167095
_d167095